Keadaan dunia

Bibliographic Details
Main Authors: Brown, Lester R. (Author), Chandler, William U. (Author), Flavin, Christopher (Author), Pollock, Cynthia (Author), Postel, Sandra (Author), Starke, Linda (Author), Wolf, Edward C. (Author)
Other Authors: Ng, Bun Lian (Translator), Ng, Gan Chee (Translator), Serena, Woon (Translator)
Format: Book
Language:English
Published: Penang : Sahabat Alam Malaysia 1985
Subjects:

MARC

LEADER 00000cam a2200000 7i4500
001 0000000519
005 20240919.0
008 991124 my eng
020 |a 9679994287 
040 |a INS   |b eng   |e rda 
090 0 0 |a HD75.6   |b B8121 1985 
100 1 |a Brown, Lester R. ,   |e author 
245 1 0 |a Keadaan dunia   |c Lester R. Brown, William U. Chandler, Christopher Flavin, Cynthia Pollock, Sandra Postel, Linda Starke, Edward C. Wolf   |f diterjemahkan oleh Ng Gan Chee, Serena Woon, Ng Bun Lian 
264 1 |a Penang :   |b Sahabat Alam Malaysia   |c 1985 
300 |a xi, 246 pages ;   |c 23 cm. 
336 |a text  |2 rdacontent 
337 |a unmediated  |2 rdamedia 
338 |a volume  |2 rdacarrier 
650 0 |a Economic development   |x Environmental aspects 
700 1 |a Chandler, William U. ,   |e author 
700 1 |a Flavin, Christopher ,   |e author 
700 1 |a Ng, Bun Lian ,   |e translator 
700 1 |a Ng, Gan Chee ,   |e translator 
700 1 |a Pollock, Cynthia ,   |e author 
700 1 |a Postel, Sandra ,   |e author 
700 1 |a Serena, Woon ,   |e translator 
700 1 |a Starke, Linda ,   |e author 
700 1 |a Wolf, Edward C. ,   |e author 
999 |a 0000003670   |b BOOK   |c Open Shelf   |e Default branch 
999 |a 0000003955   |b BOOK   |c Open Shelf   |e Default branch